Online katalóg knižníc regiónu Turca

Riekanky (Record no. 22471)

MARC details
000 -LEADER
fixed length control field 00403nam a22001697a 4500
001 - CONTROL NUMBER
control field 22471
005 - DATE AND TIME OF LATEST TRANSACTION
control field 20260330105057.0
008 - FIXED-LENGTH DATA ELEMENTS--GENERAL INFORMATION
fixed length control field 260330b2013 |||||||| |||| 00| 0 slo d
020 ## - INTERNATIONAL STANDARD BOOK NUMBER
International Standard Book Number 9788080883393
Qualifying information leporelo
040 ## - CATALOGING SOURCE
Language of cataloging slo
100 ## - MAIN ENTRY--PERSONAL NAME
Personal name Wise, Graham
245 ## - TITLE STATEMENT
Title Riekanky
Remainder of title Mačka lezie dierou
260 ## - PUBLICATION, DISTRIBUTION, ETC.
Place of publication, distribution, etc. Bratislava
Name of publisher, distributor, etc. Matys
Date of publication, distribution, etc. 2013
300 ## - PHYSICAL DESCRIPTION
Extent 8
655 ## - INDEX TERM--GENRE/FORM
Genre/form data or focus term leporelá
942 ## - ADDED ENTRY ELEMENTS (KOHA)
Source of classification or shelving scheme Dewey Decimal Classification
Koha item type Odborná literatúra pre deti
Suppress in OPAC No
Holdings
Stav vyradenia Strata Poškodenie Spôsob nadobudnutia Domovská knižnica Aktuálna knižnica Dátum nadobudnutia Total checkouts Čiarový kód exemplára Date last seen Typ exemplára
      Dar Obecná knižnica Turčianska Štiavnička Obecná knižnica Turčianska Štiavnička 31.03.2026   4738000796 31.03.2026 Odborná literatúra pre deti
Projekt je podporený Slovenskou asociáciou knižníc
Prevádzkuje Turčianska knižnica Martin 2026